00279nam a22001337a 4500003000400000020001800004082001700022100000900039245004300048250000800091260002400099300000800123650001400131SGT a9789389309393 a616.07bN21D aDAMS aNEXT GENERATION CONCEPT BOOK PATHOLOGY a1ST aINDIA bDAMS c2021 a472 aPATHOLOGY